i 10 giocatori più costosi delle migliori società europee - Statistics

Statistiche generali
  • Questo quiz è stato fatto 940 volte
    924 dall'ultimo reset
  • Il punteggio medio è 65 su 160
Statistiche sulle risposte
SQUADRA NAZIONE SQUADRA PRECEDENTE GIOCATORE % Corretto
JUVE PORTOGALLO REAL MADRID RONALDO
100%
REAL MADRID PORTOGALLO MAN UTD RONALDO
100%
JUVE ARGENTINA NAPOLI HIGUAIN
94%
NAPOLI ARGENTINA REAL MADRID HIGUAIN
94%
JUVE SERBIA FIORENTINA VLAHOVIC
91%
JUVE ARGENTINA PALERMO DYBALA
85%
INTER BELGIO MAN UTD LUKAKU
85%
MAN UTD BELGIO EVERTON LUKAKU
85%
CHELSEA BELGIO INTER LUKAKU
85%
JUVE ITALIA PARMA BUFFON
84%
JUVE OLANDA AJAX DE LIGT
84%
BAYERN MONACO OLANDA JUVE DE LIGT
84%
JUVE REP. CECA LAZIO NEDVED
82%
JUVE BRASILE TORINO BREMER
81%
INTER MAROCCO REAL MADRID HAKIMI
81%
PSG MAROCCO INTER HAKIMI
81%
JUVE ITALIA FIORENTINA CHIESA
78%
JUVE BRASILE BARCELLONA ARTHUR
65%
INTER ITALIA CAGLIARI BARELLA
65%
BARCELLONA BRASILE SANTOS NEYMAR
62%
PSG BRASILE BARCELLONA NEYMAR
62%
MAN UTD FRANCIA JUVE POGBA
61%
MILAN ITALIA JUVE BONUCCI
57%
PSG FRANCIA MONACO MBAPPE
57%
REAL MADRID GALLES TOTTENHAM BALE
55%
MAN CITY NORVEGIA BORUSSIA DORTMUND HAALAND
55%
BARCELLONA SVEZIA INTER IBRAHIMOVIC
55%
PSG URUGUAY NAPOLI CAVANI
54%
PSG FRANCIA BARCELLONA DEMBELE
53%
MILAN POLONIA GENOA PIATEK
53%
INTER BELGIO ROMA NAINGGOLAN
52%
BARCELLONA URUGUAY LIVERPOOL SUAREZ
52%
MAN CITY PORTOGALLO JUVE CANCELO
51%
MAN CITY BELGIO WOLFSBURG DE BRUYNE
51%
REAL MADRID PORTOGALLO BARCELLONA FIGO
51%
REAL MADRID BRASILE MILAN KAKA
51%
MILAN COSTA D'AVORIO ATALANTA KESSIE
50%
BARCELLONA BOSNIA JUVE PJANIC
50%
INTER SLOVACCHIA SAMPDORIA SKRINIAR
50%
REAL MADRID INGHILTERRA BORUSSIA DORTMUND BELLINGHAM
49%
MILAN COLOMBIA SIVIGLIA BACCA
48%
BARCELLONA FRANCIA ATLETICO MADRID GRIEZMANN
48%
ATLETICO MADRID FRANCIA REAL SOCIEDAD GRIEZMANN
48%
MAN UTD DANIMARCA ATALANTA HOJLUND
48%
MAN CITY ALGERIA LEICESTER MAHREZ
48%
MAN UTD BRASILE AJAX ANTONY
47%
ATLETICO MADRID SPAGNA CHELSEA DIEGO COSTA
47%
REAL MADRID BELGIO CHELSEA HAZARD
47%
INTER PORTOGALLO SPORTING LISBONA JOAO MARIO
47%
MILAN PORTOGALLO FIORENTINA RUI COSTA
47%
REAL MADRID FRANCIA JUVE ZIDANE
47%
BARCELLONA FRANCIA BORUSSIA DORTMUND DEMBELE
46%
MAN UTD ARGENTINA REAL MADRID DI MARIA
46%
PSG ARGENTINA MAN UTD DI MARIA
46%
MAN CITY CROAZIA LIPSIA GVARDIOL
46%
INTER ITALIA LAZIO VIERI
46%
INTER ITALIA ATALANTA BASTONI
45%
MAN CITY SPAGNA ATLETICO MADRID RODRI
45%
MAN UTD BRASILE REAL MADRID CASEMIRO
44%
BARCELLONA BRASILE LIVERPOOL COUTINHO
44%
PSG ARGENTINA INTER ICARDI
44%
MAN UTD INGHILTERRA BORUSSIA DORTMUND SANCHO
44%
BARCELLONA OLANDA AJAX DE JONG
43%
MILAN BELGIO BRUGGE DE KETELAERE
43%
MAN CITY INGHILTERRA ASTON VILLA GREALISH
43%
INTER REP. CENTRAFRICANA MONACO KONDOGBIA
43%
BAYERN MONACO CILE JUVE VIDAL
43%
LIVERPOOL BRASILE ROMA ALISSON
42%
REAL MADRID SERBIA FRANCOFORTE JOVIC
42%
BAYERN MONACO INGHILTERRA TOTTENHAM KANE
42%
BAYERN MONACO COREA DEL SUD NAPOLI KIM
42%
MAN UTD INGHILTERRA LEICESTER MAGUIRE
42%
CHELSEA ARGENTINA BENFICA ENZO FERNANDEZ
41%
ARSENAL GABON BORUSSIA DORTMUND AUBAMEYANG
40%
CHELSEA USA BORUSSIA DORTMUND PULISIC
40%
BARCELLONA BRASILE LEEDS RAPHINHA
40%
CHELSEA ECUADOR BRIGHTON CAICEDO
39%
MAN CITY PORTOGALLO BENFICA RUBEN DIAS
39%
ROMA ITALIA BARI CASSANO
38%
CHELSEA GERMANIA LEVERKUSEN HAVERTZ
38%
ARSENAL GERMANIA CHELSEA HAVERTZ
38%
REAL MADRID COLOMBIA MONACO JAMES RODRIGUEZ
38%
NAPOLI MESSICO PSV LOZANO
38%
NAPOLI GRECIA ROMA MANOLAS
38%
CHELSEA UCRAINA SHAKTAR DONESC MUDRYK
38%
NAPOLI NIGERIA LILLE OSIMHEN
38%
LIVERPOOL OLANDA SOUTHHAMPTON VAN DIJK
38%
INTER ARGENTINA LAZIO CRESPO
37%
ROMA ARGENTINA FIORENTINA BATISTUTA
36%
MAN UTD PORTOGALLO SPORTING LISBONA BRUNO FERNANDES
36%
TOTTENHAM SVEZIA JUVE KULUSEVSKI
36%
ARSENAL CILE BARCELLONA SANCHEZ
36%
TOTTENHAM COLOMBIA AJAX SANCHEZ
36%
LIVERPOOL URUGUAY BENFICA NUNEZ
35%
ROMA REP. CECA SAMPDORIA SCHICK
35%
MAN CITY INGHILTERRA LIVERPOOL STERLING
35%
ATLETICO MADRID PORTOGALLO BENFICA JOAO FELIX
34%
MILAN ITALIA JUVE INZAGHI
33%
LIVERPOOL COLOMBIA PORTO LUIS DIAZ
33%
ARSENAL GHANA ATLETICO MADRID PARTEY
33%
ARSENAL INGHILTERRA WEST HAM RICE
33%
TOTTENHAM ARGENTINA ATALANTA ROMERO
33%
BARCELLONA SPAGNA MAN CITY FERRAN TORRES
31%
ARSENAL BRASILE MAN CITY GABRIEL JESUS
31%
NAPOLI SLOVACCHIA CELTA VIGO LOBOTKA
31%
ARSENAL COSTA D'AVORIO LILLE PEPE
31%
MILAN PORTOGALLO PORTO SILVA
31%
REAL MADRID FRANCIA MONACO TCHOUAMENI
31%
ARSENAL FRANCIA LIONE LACAZETTE
30%
NAPOLI POLONIA AJAX MILIK
30%
LIVERPOOL UNGHERIA LIPSIA SZOBOSZLAI
30%
PSG BRASILE CHELSEA DAVID LIUZ
29%
ARSENAL GERMANIA REAL MADRID OZIL
29%
PSG URUGUAY SPORTING UGARTE
29%
ATLETICO MADRID ARGENTINA UDINESE DE PAUL
28%
BAYERN MONACO GERMANIA MAN CITY SANE
28%
CHELSEA SPAGNA BRIGHTON CUCURELLA
27%
ROMA ALBANIA VERONA KUMBULLA
27%
ATLETICO MADRID COLOMBIA PORTO JACKSON MARTINEZ
26%
BAYERN MONACO SPAGNA ATLETICO BILBAO JAVI MARTINEZ
26%
TOTTENHAM BRASILE EVERTON RICHARLISON
26%
ATLETICO MADRID COLOMBIA PORTO FALCAO
25%
LIVERPOOL GUINEA LIPSIA KEITA
25%
CHELSEA SPAGNA ATLETICO BILBAO KEPA
25%
MAN CITY SPAGNA ATLETICO BILBAO LAPORTE
25%
PSG PORTOGALLO BENFICA RAMOS
25%
BAYERN MONACO GERMANIA BORUSSIA DORTMUND GOTZE
24%
LIVERPOOL PORTOGALLO WOLVES JOTA
24%
MAN UTD INGHILTERRA CHELSEA MOUNT
24%
ROMA FRANCIA SIVIGLIA NZONZI
24%
ROMA ARGENTINA PSG PASTORE
24%
BAYERN MONACO FRANCIA LIPSIA UPAMECANO
24%
ROMA INGHILTERRA CHELSEA ABRAHAM
23%
LIVERPOOL BRASILE MONACO FABINHO
23%
MILAN ITALIA JUVE CALDARA
22%
LIVERPOOL OLANDA PSV GAKPO
22%
BAYERN MONACO FRANCIA ATLETICO MADRID HERNANDEZ
22%
NAPOLI ITALIA SASSUOLO RASPADORI
22%
NAPOLI SPAGNA BETIS SIVIGLIA FABIAN RUIZ
21%
ROMA PARAGUAY VERONA ITURBE
21%
CHELSEA SPAGNA REAL MADRID MORATA
20%
ATLETICO MADRID SPAGNA CHELSEA MORATA
20%
MILAN BRASILE FLUMINENSE PAQUETA
20%
TOTTENHAM SPAGNA SPORTING LISBONA PORRO
19%
BAYERN MONACO FRANCIA LIONE TOLISSO
18%
CHELSEA FRANCIA LEICESTER FOFANA
16%
ATLETICO MADRID FRANCIA MONACO LEMAR
16%
TOTTENHAM INGHILTERRA LEICESTER MADDISON
16%
NAPOLI ITALIA UDINESE MERET
16%
ARSENAL INGHILTERRA BRIGHTON WHITE
16%
TOTTENHAM OLANDA WOLFSBURG VAN DE VEN
15%
TOTTENHAM ARGENTINA BETIS SIVIGLIA LO CELSO
14%
TOTTENHAM FRANCIA LIONE NDOMBELE
13%
NAPOLI ITALIA BOLOGNA VERDI
13%
ROMA ITALIA JUVE SPINAZZOLA
8%
LIVERPOOL BELGIO ASTON VILLA BENTEKE
7%
ROMA ITALIA SAMPDORIA MONTELLA
7%
TOTTENHAM FRANCIA NEWCASTLE SISSOKO
7%
ATLETICO MADRID FRANCIA SIVIGLIA GAMEIRO
5%
ATLETICO MADRID SPAGNA SIVIGLIA VITOLO
2%
Nessun quiz corrispondente trovato
Distribuzione punteggi
Percentuale di utenti per punteggio
Percentile per numero di risposta
I tuoi punteggi nel tempo
Non hai fatto questo quiz dall'ultimo reset